[Event "16th Vienna Open"]
[Site "Vienna AUT"]
[Date "2009.08.20"]
[Round "6"]
[White "Ordian,V"]
[Black "Tiviakov,S"]
[Result "1/2-1/2"]
[WhiteElo "2349"]
[BlackElo "2674"]

1.e4 c5 2.Nf3 d6 3.d4 cxd4 4.Nxd4 Nf6 5.Nc3 g6 6.Be3 Bg7 7.f3 Nc6 8.Qd2 Be6
9.O-O-O Rc8 10.Kb1 Qa5 11.Nxe6 fxe6 12.Nb5 Qxd2 13.Rxd2 a6 14.Nd4 Kf7 15.Nxc6 Rxc6
16.c4 Nd7 17.Be2 a5 18.Rc1 h5 19.c5 Nxc5 20.Bb5 Rcc8 21.Bxc5 dxc5 22.Rd7 b6
23.Rb7 Rb8 24.Rxb8 Rxb8 25.Rd1 Bd4 26.Kc2 Kf6 27.b3 Ke5 28.Kd3 Kf4 29.Ke2 h4
30.a4 Rf8 31.Bc4 Rf6 32.Rh1 g5 33.Rf1 Rh6 34.Bd3 Ke5 35.Bc4 Rh8 36.Bd3 Kd6
37.Bc4 Rh6 38.Rd1 Rf6 39.Rf1 Rf8 40.Bb5 Kc7 41.Bc4 Rf6 42.Bb5 Kd6 43.Bc4 Rg6
44.Rd1 Rg8 45.Rf1 Ke5 46.Kd3 Rd8 47.Ke2 Rd6 48.Rd1 Kf6 49.Rd3 Rd8 50.Rd1 Rb8
51.Kf1 Be5 52.Kg1 Bd6 53.Rd3 Rg8 54.h3 Rb8 55.Kf1 Ke5 56.Ke2 Kf4 57.Bxe6 Kg3
58.e5 Bc7 59.Rd5 Kf4 60.Kd3 Bxe5 61.Kc4 Bf6 62.Kb5 Kg3 63.Rd2 Bd4 64.Re2 Bf2
65.Re5 Kxg2 66.Rxg5+ Kxf3 67.Rg7 Rd8 68.Rxe7 Rd6 69.Bg4+ Kg3 70.Re6 Rd4 71.Rxb6 c4
72.Rc6 cxb3 73.Rc3+ Kg2 74.Rxb3 Be1 75.Be6 Kh2 76.Rb2+ Kg3 77.Rb3+ Kf4 78.Rb1 Bd2
79.Rb3 Ke5 80.Bg4 Bb4 81.Rf3 Ke4 82.Rb3 Rd5+ 83.Kc6 Rc5+ 84.Kb6 Kd4 85.Rb1 Rg5
86.Rf1 Bd2 87.Rf5 Rg6+ 88.Kb5 Rg8 89.Rf6 Rb8+ 90.Rb6 Rd8 91.Rb7 Rd5+ 92.Ka6 Rc5
93.Rd7+ Kc3 94.Rh7 Be1 95.Rh5 Rxh5  1/2-1/2

[Event "16th Vienna Open"]
[Site "Vienna AUT"]
[Date "2009.08.21"]
[Round "7"]
[White "Tiviakov,S"]
[Black "Gatterer,F"]
[Result "1-0"]
[WhiteElo "2674"]
[BlackElo "2323"]

1.e4 c6 2.d4 d5 3.Nd2 dxe4 4.Nxe4 Bf5 5.Ng3 Bg6 6.Bc4 e6 7.N1e2 Nf6 8.Nf4 Bd6
9.Bb3 a5 10.c3 Qc7 11.Qf3 a4 12.Bd1 Nd5 13.Nxg6 hxg6 14.Ne4 Be7 15.g3 Nd7
16.O-O N7f6 17.Ng5 b5 18.a3 O-O 19.Re1 Bd6 20.Bc2 Rfe8 21.Bd2 e5 22.dxe5 Rxe5
23.Rxe5 Bxe5 24.Re1 Bd6 25.h4 Qd7 26.Ne4 Bf8 27.Bg5 Be7 28.Bc1 Re8 29.Kg2 c5
30.Rd1 Qa7 31.Ng5 Rd8 32.Be4 Nb6 33.Rxd8+ Bxd8 34.Bc6 b4 35.cxb4 cxb4 36.axb4 Qe7
37.Bd2 Bc7 38.Bc3 Be5 39.Qe3 Qc7 40.Qxe5 Qxc6+ 41.Kg1 Nbd5 42.Ne4 Qb5 43.Bd2 Nxe4
44.Qxe4 Nf6 45.Qd4 Qe2 46.Bc3 Kh7 47.Qe5 Qd1+ 48.Kg2 Qc2 49.b5 Qb3 50.Bd4 a3
51.bxa3 Qxa3 52.b6 Qa8+ 53.Kg1 Qa2 54.Qb5 Ng4 55.b7 Qd2 56.Ba7 Qe1+ 57.Qf1 Qe4
58.b8=Q Ne5 59.f4 Nf3+ 60.Kf2 Nh2 61.Qe2 Qh1 62.h5 f5 63.hxg6+  1-0

[Event "16th Vienna Open"]
[Site "Vienna AUT"]
[Date "2009.08.23"]
[Round "9"]
[White "Tiviakov,S"]
[Black "Stanec,N"]
[Result "1/2-1/2"]
[WhiteElo "2674"]
[BlackElo "2532"]

1.e4 c6 2.d4 d5 3.Nd2 g6 4.Ngf3 Bg7 5.c3 dxe4 6.Nxe4 Nf6 7.Nxf6+ exf6 8.Bd3 O-O
9.Be3 Re8 10.O-O Be6 11.Re1 Nd7 12.h3 Nb6 13.b3 Nd5 14.Bd2 f5 15.c4 Nf6 16.Bc3 Nh5
17.Qc2 Qc7 18.Rad1 Rad8 19.Qb2 Bd7 20.Qa3 b6 21.Bb4 Rxe1+ 22.Rxe1 Be6 23.Bf1 Nf6
24.Qc1 Ne4 25.Rd1 c5 26.dxc5 Rxd1 27.Qxd1 bxc5 28.Be1 Bc8 29.Bd3 Bb7 30.Qe2 Qf4
31.Kf1 Qc1 32.Qc2 Qa1 33.Qb1  1/2-1/2

[Event "TIM"]
[Site "Montreal CAN"]
[Date "2009.09.03"]
[Round "7"]
[White "Bluvshtein,M"]
[Black "Tiviakov,S"]
[Result "1/2-1/2"]
[WhiteElo "2558"]
[BlackElo "2674"]

1.d4 Nf6 2.c4 e6 3.Nc3 Bb4 4.e3 O-O 5.Bd3 d5 6.Ne2 dxc4 7.Bxc4 e5 8.O-O Nc6
9.a3 Bd6 10.d5 Ne7 11.Ng3 Nf5 12.Nge4 Nxe4 13.Nxe4 Be7 14.Ba2 a5 15.Bd2 Nd6
16.Ng3 Re8 17.Rc1 b6 18.e4 Ra7 19.Bb3 Bg5 20.Ba4 b5 21.Bb3 Bxd2 22.Qxd2 Bd7
23.Rfe1 Qe7 24.Rc2 Rb8 25.Qe3 Rab7 26.Rec1 Ne8 27.Rc5 a4 28.Bd1 Qd6 29.h3 b4
30.Nf1 Qb6 31.Nd2 Qa7 32.Nc4 f6 33.Na5 bxa3 34.bxa3 Rb5 35.Nc6 Bxc6 36.Rxc6 Qxe3
37.fxe3 Ra5 38.Bg4 Rd8 39.R1c4 Ra7 40.Bh5 g6 41.Bd1 Rda8 42.Bg4 Kf8 43.Rb4 Nd6
44.Kf2 Ke7 45.Be2 Kd8 46.h4 h6 47.h5 gxh5 48.Bxh5 Ke7 49.Be2 Kd8 50.Kf3 Ke7
51.Rc1 Rf8 52.Rh1 f5 53.exf5 Rxf5+ 54.Kg3 e4 55.Rh5 Rxh5 56.Bxh5 Ra5 57.Bg6 c5
58.Rb6 Ra8 59.Kf4 Rf8+ 60.Kg4 Rf2 61.Bxe4 Ra2 62.Bf3 Rxa3 63.e4 Re3 64.Kf4 a3
65.Ra6 Nc4 66.Ra4 Re1 67.e5 Nxe5 68.Rxa3 Nxf3 69.Rxf3 Kd6 70.Rh3 Kxd5 71.Rxh6 c4
72.Rh8 c3 73.Rd8+ Kc4 74.Rc8+ Kd3 75.Rd8+ Ke2 76.Re8+ Kd2 77.Rd8+ Kc1 78.g4 Rf1+
79.Ke5 Rg1 80.Kf5 c2 81.g5 Kb2 82.Rc8  1/2-1/2

[Event "18th Fajr Open"]
[Site "Mashhad IRI"]
[Date "2010.02.21"]
[Round "3"]
[White "Tiviakov,S"]
[Black "Idani,P"]
[Result "1-0"]
[WhiteElo "2662"]
[BlackElo "2227"]

1.e4 c5 2.c3 d5 3.exd5 Qxd5 4.d4 Nf6 5.Nf3 Bg4 6.Nbd2 Nc6 7.Bc4 Bxf3 8.Qb3 Na5
9.Qb5+ Qd7 10.Nxf3 Nxc4 11.Qxc4 cxd4 12.Nxd4 e6 13.Bg5 Rc8 14.Qb3 Ne4 15.O-O-O Nc5
16.Qc2 Be7 17.h4 Qa4 18.Qxa4+ Nxa4 19.Nb5 Bxg5+ 20.hxg5 Ke7 21.Rh4 Nb6 22.Nxa7 Rc7
23.Rb4 Nd5 24.Rb3 Ra8 25.Nb5 Rd7 26.c4 Rc8 27.Na3 Rcc7 28.g3 f6 29.Rh1 fxg5
30.Rxh7 Kf7 31.Rh1 Nf6 32.Re1 g4 33.Rc3 Rc5 34.Nb5 Rf5 35.Re2 Nh7 36.c5 Ke7
37.Nd6 Rd5 38.Kc2 Rc7 39.b4 Ng5 40.Nb5 Rc6 41.a4 Nf3 42.Rd3 Rh5 43.a5 Ne5
44.Rd6 Rxd6 45.Nxd6 Nc6 46.Re3  1-0

[Event "18th Fajr Open"]
[Site "Mashhad IRI"]
[Date "2010.02.22"]
[Round "5"]
[White "Tiviakov,S"]
[Black "Babujian,L"]
[Result "1/2-1/2"]
[WhiteElo "2662"]
[BlackElo "2497"]

1.e4 e5 2.Nf3 Nc6 3.Bc4 Nf6 4.d3 Bc5 5.c3 O-O 6.O-O d5 7.exd5 Nxd5 8.b4 Be7
9.b5 Na5 10.Bxd5 Qxd5 11.c4 Qe6 12.Re1 f6 13.Bd2 b6 14.Bxa5 bxa5 15.Nd4 Qd7
16.Nc6 a6 17.Nxe7+ Qxe7 18.a4 axb5 19.axb5 Rd8 20.Nc3 Bb7 21.Re3 c6 22.b6 c5
23.Qa4 Qd6 24.Rb1 Bc6 25.Nb5 Qb8 26.Qa3 Qxb6 27.Ree1 Be8 28.Nc3 Qd6 29.Red1 a4
30.Ne4 Qe7 31.h3 Rac8 32.Nc3 Qd6 33.Nb5 Qa6 34.Nc3 Bc6 35.f3 Qa5 36.Nb5 Be8
37.Nc3 Rb8 38.Nb5 Rbc8 39.Nc3 h6 40.Rb2 Kh7 41.Kh2 Rb8 42.Nb5 Rdc8 43.Kh1 Rb7
44.Rdb1 Rd8 45.Kh2 Bg6 46.Ra1 Rxd3 47.Qxc5 Rbd7 48.Qb4 Qxb4 49.Rxb4 e4 50.c5 exf3
51.c6 Re7 52.c7 Bf5 53.Rf4 Bc8 54.Rxf3 Rd5 55.Na7 Rxc7 56.Nxc8 Rxc8 57.Rxa4 Rc2
58.Ra7 Rd8 59.Rb3 Rg8 60.Rf7 h5 61.Rd3 Kh6 62.Rfd7 Rcc8 63.h4 Rge8 64.Rg3 Rg8
65.Rf7 Rc6 66.Kh3 Re6 67.Kh2 g6 68.Rc3 g5 69.hxg5+ fxg5 70.Rfc7 Rgg6 71.Rc2 Rgf6
72.R7c5 Kg6 73.Rc7 h4 74.g3 hxg3+ 75.Kg2 Kh5 76.R7c3 Re1 77.Kxg3 Rf4 78.Rh2+ Kg6
79.Rc6+ Kf5 80.Rc5+ Ke4 81.Rxg5 Re3+ 82.Kg2 Re2+ 83.Kh1  1/2-1/2

[Event "Tch-POR 1st Div Final"]
[Site "Vila Nova de Gaia POR"]
[Date "2010.07.24"]
[Round "1.1"]
[White "Correia,J"]
[Black "Tiviakov,S"]
[Result "0-1"]
[WhiteElo "1656"]
[BlackElo "2623"]

1.d4 Nf6 2.c4 e6 3.Nc3 Bb4 4.Qc2 c5 5.e3 Nc6 6.a3 Bxc3+ 7.bxc3 b6 8.Nf3 d6
9.e4 h6 10.Be2 e5 11.d5 Ne7 12.h3 Ng6 13.Nh2 Nh7 14.O-O O-O 15.f4 exf4 16.Bxf4 Nxf4
17.Rxf4 Qg5 18.Rf3 Qe5 19.Bd3 Ng5 20.Rff1 f6 21.Nf3 Nxf3+ 22.Rxf3 Bd7 23.Raf1 Rfe8
24.Qd2 Rab8 25.Qf4 Qxf4 26.Rxf4 b5 27.Rb1 bxc4 28.Rxb8 Rxb8 29.Bxc4 Kf7 30.Kf2 Rb2+
31.Kg3 Rc2 32.Rf3 g5 33.Bf1 h5 34.c4 h4+ 35.Kh2 Rb2 36.Kg1 Ke7 37.Kh2 Be8
38.Kg1 Bh5 39.Re3 Kf7 40.Kh2 g4 41.hxg4 Bxg4 42.Kg1 Kg6 43.Rc3 Kg5 44.g3 h3
45.a4 h2+  0-1

[Event "Tch-POR 1st Div Final"]
[Site "Vila Nova de Gaia POR"]
[Date "2010.07.26"]
[Round "3.1"]
[White "Strikovic,A"]
[Black "Tiviakov,S"]
[Result "1/2-1/2"]
[WhiteElo "2554"]
[BlackElo "2623"]

1.c4 e5 2.Nc3 Nf6 3.Nf3 Nc6 4.e3 Bb4 5.Qc2 Bxc3 6.Qxc3 Qe7 7.d4 Ne4 8.Qd3 exd4
9.Nxd4 O-O 10.Be2 Qb4+ 11.Kf1 Qe7 12.Bf3 Ng5 13.Be2 d6 14.Nxc6 bxc6 15.f3 f5
16.Qc3 Ne6 17.Kf2 Qh4+ 18.Kf1 Qe7 19.Kf2 Qh4+ 20.Kf1 Qe7 21.Kf2 Qh4+  1/2-1/2

[Event "Tch-POR 1st Div Final"]
[Site "Vila Nova de Gaia POR"]
[Date "2010.07.28"]
[Round "3"]
[White "Tiviakov,S"]
[Black "Appel,R"]
[Result "1/2-1/2"]
[WhiteElo "2623"]
[BlackElo "2544"]

1.e4 Nf6 2.e5 Nd5 3.d4 d6 4.Nf3 dxe5 5.Nxe5 c6 6.Be2 g6 7.O-O Bg7 8.c4 Nf6
9.Nc3 O-O 10.Be3 Nbd7 11.f4 Ne8 12.Qb3 Nd6 13.Rad1 Nf6 14.Bf3 Be6 15.d5 cxd5
16.Nxd5 Nxd5 17.Bxd5 Bxd5 18.Rxd5 Qc8 19.Rfd1 b6 20.c5 bxc5 21.Rxc5 Qa6 22.Nc6 Rfe8
23.Rdc1 Nf5 24.Bf2 Qe2 25.Qc2 Qe6 26.b4 Qd6 27.Qe4 e6 28.b5 h5 29.a4 Bh6
30.g3 Bg7 31.a5 Nh6 32.b6 axb6 33.axb6 Ng4 34.b7 Ra2 35.R5c2 Nxf2 36.Kxf2 Qc5+
37.Kg2 Rxc2+ 38.Rxc2 Qb5 39.Nb4 Bf8 40.Rc8 Bd6 41.Rxe8+ Qxe8 42.Qc6 Qe7 43.Qc8+ Kh7
44.b8=Q Bxb8 45.Qxb8 Qd7 46.Qb6 Qd2+ 47.Kh3 Qe2 48.Nc6 Qg4+ 49.Kg2 Qe2+ 50.Qf2 Qe4+
51.Qf3 Qc2+ 52.Kg1 Qc1+ 53.Kg2 Qc2+ 54.Kh3 Qf5+ 55.Kg2 Qc2+ 56.Kh3 Qf5+ 57.g4 hxg4+
58.Qxg4 Qd3+ 59.Qg3 Qf5+ 60.Qg4 Qd3+ 61.Qg3 Qf5+ 62.Qg4 Qd3+  1/2-1/2

[Event "Tch-POR 1st Div Final"]
[Site "Vila Nova de Gaia POR"]
[Date "2010.07.30"]
[Round "5"]
[White "Tiviakov,S"]
[Black "Buhmann,R"]
[Result "1/2-1/2"]
[WhiteElo "2623"]
[BlackElo "2573"]

1.e4 e5 2.Nf3 Nc6 3.Bc4 Nf6 4.d3 Be7 5.O-O O-O 6.Bb3 d5 7.exd5 Nxd5 8.Re1 Bg4
9.h3 Bh5 10.g4 Bg6 11.Nxe5 Nxe5 12.Rxe5 c6 13.Qf3 Bf6 14.Re2 Re8 15.Nd2 Rxe2
16.Qxe2 Qd7 17.Ne4 Be5 18.Bd2 Bxb2 19.Re1 b6 20.Ng3 Rd8 21.h4 f6 22.Qf3 Re8
23.Rxe8+ Bxe8 24.Nf5 Bf7 25.c4 Ne7 26.Nxe7+ Qxe7 27.Qxc6 h5 28.Qf3 Qe5 29.gxh5 Bxh5
30.Qf4 Kh7 31.Be3 Bg6 32.Qxe5 fxe5 33.Bc2 Bd4 34.Bxd4 exd4 35.Kg2 Bf5 36.Kf3 Kg6
37.Kf4 Kf6 38.Kg3 Ke5 39.h5 Kf6 40.Kf4 Bh7 41.Kg4 Bf5+ 42.Kf4 Bh7  1/2-1/2

[Event "Tch-POR 1st Div Final"]
[Site "Vila Nova de Gaia POR"]
[Date "2010.07.31"]
[Round "6"]
[White "Ferreira,Jor2"]
[Black "Tiviakov,S"]
[Result "0-1"]
[WhiteElo "2324"]
[BlackElo "2623"]

1.e4 d5 2.exd5 Qxd5 3.Nf3 Bf5 4.Be2 e6 5.d4 Qd8 6.O-O Bd6 7.c4 Nf6 8.Nc3 c6
9.Qb3 Qc8 10.Ne5 Nbd7 11.f4 h5 12.Bf3 Qc7 13.Bd2 g5 14.Rae1 gxf4 15.Nxd7 Qxd7
16.c5 Bxc5 17.dxc5 Qxd2 18.Qxb7 O-O 19.Kh1 Rab8 20.Qe7 Qd8 21.Qxa7 Rxb2 22.Rd1 Qb8
23.Qe7 Qe5 24.Ne2 Re8 25.Qd6 Rxe2 26.Bxe2 Qxe2 27.Qxf4 Nd5 28.Qg5+ Bg6 29.Rde1 Qxa2
30.Rf3 Qc4 31.Ref1 Qg4 32.Qe5 h4 33.h3 Qh5 34.Qd6 Rc8 35.Qd7 Rc7 36.Qd8+ Kg7
37.Ra1 Qh8 38.Qg5 Rb7 39.Raf1 Qh5 40.Qd8 Be4 41.R3f2 Qg6 42.Qxh4 Ne3 43.Re1 Nxg2
44.Qxe4 Nxe1 45.Qe5+ Kh7  0-1

[Event "TCh-NED Meesterklasse 2010-11"]
[Site "Netherlands NED"]
[Date "2011.01.08"]
[Round "5.1"]
[White "Van der Sterren,P"]
[Black "Tiviakov,S"]
[Result "1/2-1/2"]
[WhiteElo "2535"]
[BlackElo "2367"]

1.Nf3 Nf6 2.c4 b6 3.g3 Bb7 4.Bg2 g6 5.O-O Bg7 6.Nc3 O-O 7.d4 Ne4 8.Nxe4 Bxe4
9.Be3 d6 10.Qd2 Nd7 11.Rfd1 e6 12.Bh6 Qe7 13.Bxg7 Kxg7 14.Qc3 Nf6 15.b4 Rfc8
16.Nd2 Bxg2 17.Kxg2 a5  1/2-1/2

[Event "Moscow Open E"]
[Site "Moscow RUS"]
[Date "2011.01.30"]
[Round "2"]
[White "Tiviakov,S"]
[Black "Schetinin,A"]
[Result "1/2-1/2"]
[WhiteElo "2623"]
[BlackElo "2257"]

1.e4 c6 2.d4 d5 3.Nd2 g6 4.Ngf3 Bg7 5.h3 Nh6 6.Bd3 O-O 7.O-O Nd7 8.Re1 Re8
9.e5 f6 10.Nb3 Nf8 11.Bf4 Ne6 12.Bh2 f5 13.c4 b6 14.cxd5 cxd5 15.Nfd2 Nf7
16.f4 a5 17.Nf3 Bh6 18.Qd2 Ba6 19.Nc1 Qd7 20.Bb1 Rac8 21.Ne2 Bxe2 22.Rxe2 Rc7
23.Bd3 Qa4 24.Qe3 Rf8 25.Kh1 Nfd8 26.Rd2 Nc6 27.Bc2 Qb5 28.a4 Qa6 29.Bd3 Qb7
30.Rc2 Rfc8 31.Rc3 Nb4 32.Bb1 Rc4 33.g4 fxg4 34.hxg4 Rf8 35.g5 Bg7 36.Kg1 Qd7
37.Kg2 Qe8  1/2-1/2

[Event "Moscow Open E"]
[Site "Moscow RUS"]
[Date "2011.02.05"]
[Round "8"]
[White "Tiviakov,S"]
[Black "Kuderinov,K"]
[Result "1-0"]
[WhiteElo "2623"]
[BlackElo "2469"]

1.e4 e5 2.Nf3 Nc6 3.Bb5 a6 4.Ba4 Nf6 5.d3 d6 6.O-O b5 7.Bb3 Na5 8.c4 Nxb3
9.axb3 Be7 10.cxb5 O-O 11.Nbd2 Bb7 12.bxa6 Rxa6 13.Rxa6 Bxa6 14.Nc4 Qb8 15.Qc2 Qb5
16.Bd2 Rb8 17.Ra1 Bc8 18.Na5 c5 19.b4 Bg4 20.bxc5 Bxf3 21.gxf3 dxc5 22.Nc4 Qd7
23.Bc3 Qh3 24.Bxe5 Re8 25.Qa4 Rd8 26.Qa7 Re8 27.Bg3 h5 28.e5 Nd5 29.Qb7 Nb4
30.Nd6 Bxd6 31.exd6 Qc8 32.d7  1-0

[Event "CUCA Open"]
[Site "Luanda ANG"]
[Date "2011.05.18"]
[Round "2"]
[White "Tiviakov,S"]
[Black "Agnelo,A"]
[Result "1-0"]
[WhiteElo "2622"]
[BlackElo "2176"]

1.e4 e5 2.Nf3 Nc6 3.Bc4 Be7 4.d4 d6 5.dxe5 dxe5 6.Nbd2 Nf6 7.c3 O-O 8.Qe2 Bd6
9.Nf1 Ne7 10.Nh4 Kh8 11.Ng3 Bg4 12.Qc2 Bc5 13.Be2 Be6 14.Bd2 Ne8 15.Be3  1-0

[Event "CUCA Open"]
[Site "Luanda ANG"]
[Date "2011.05.19"]
[Round "3"]
[White "Ramos,Ar"]
[Black "Tiviakov,S"]
[Result "0-1"]
[WhiteElo "2215"]
[BlackElo "2622"]

1.e4 d5 2.exd5 Qxd5 3.d4 e5 4.Nf3 exd4 5.Qxd4 Qxd4 6.Nxd4 Nf6 7.Bd3 Bc5 8.Nb3 Bd6
9.O-O Be6 10.Nc3 O-O 11.Ne4 Be7 12.Re1 Nd5 13.Bd2 Nd7 14.Bf1 a5 15.c4 Nb4
16.Rec1 Ne5 17.Bc3 Bf5 18.Ng3 g6 19.Nd4 Nbd3 20.Rd1  0-1

[Event "CUCA Open"]
[Site "Luanda ANG"]
[Date "2011.05.20"]
[Round "4"]
[White "Tiviakov,S"]
[Black "Short,N"]
[Result "1/2-1/2"]
[WhiteElo "2622"]
[BlackElo "2682"]

1.e4 e5 2.Nf3 Nf6 3.Bc4 Bc5 4.c3 Nc6 5.d3 a6 6.Bb3 d6 7.O-O Ba7 8.Be3 O-O
9.Nbd2 h6 10.h3 Re8 11.Re1  1/2-1/2

[Event "1st Isthmia Open"]
[Site "Vrachati GRE"]
[Date "2011.08.21"]
[Round "4.3"]
[White "Tiviakov,S"]
[Black "Nikolaidis,I"]
[Result "1-0"]
[WhiteElo "2623"]
[BlackElo "2545"]

1.e4 g6 2.d4 Bg7 3.c3 d6 4.Nf3 Nf6 5.Bd3 Nbd7 6.O-O e5 7.Bg5 h6 8.Bh4 exd4
9.Nxd4 O-O 10.Nd2 a6 11.a4 d5 12.exd5 Ne5 13.Bxf6 Qxf6 14.Bc2 Bg4 15.Ne4 Qb6
16.f3 Bd7 17.a5 Qa7 18.b4 Bb5 19.Rf2 Bc4 20.f4 Nd7 21.f5 Rae8 22.d6 c5 23.bxc5 Nxc5
24.Ng3 Nd7 25.fxg6 fxg6 26.Bxg6 Re6 27.Ngf5 Rxg6 28.Ne7+ Kh7 29.Nxg6 Rxf2
30.Kxf2 Nc5 31.Qg4 Bd3 32.Nf4 Ne4+ 33.Ke3 Nxc3 34.Ne6 Bg6 35.d7 Nd5+ 36.Kd2 Bf6
37.Nf8+  1-0

[Event "TCh-NED Meesterklasse 2011-12"]
[Site "Netherlands NED"]
[Date "2011.09.17"]
[Round "1.2"]
[White "Tiviakov,S"]
[Black "Berelowitsch,A"]
[Result "1-0"]
[WhiteElo "2647"]
[BlackElo "2563"]

1.e4 e6 2.d4 d5 3.Nd2 c5 4.exd5 Qxd5 5.dxc5 Bxc5 6.Ngf3 Nf6 7.Bc4 Qc6 8.Qe2 O-O
9.O-O Nbd7 10.Nb3 b6 11.Nxc5 Qxc5 12.b3 Bb7 13.Bb2 Nd5 14.Rad1 Nf4 15.Qe3 Qxe3
16.fxe3 Nd5 17.e4 N5f6 18.e5 Nd5 19.Bxd5 Bxd5 20.c4 Bxf3 21.Rxf3 Nc5 22.b4 Na4
23.Ba1 a5 24.a3 axb4 25.axb4 Rfc8 26.Rf4 Ra7 27.Kf2 g5 28.Rg4 Rac7 29.Rdd4 Kf8
30.Ke2 h5 31.Rge4 Kg7 32.h4 Kg6 33.hxg5 Kxg5 34.Rf4 f5 35.g3 Kg6 36.Rh4 Kg5
37.Kd3 Ra8 38.Rd6 b5 39.Bd4 bxc4+ 40.Kc2 f4 41.Rxf4 c3 42.Be3 Kg6 43.Rxe6+ Kg7
44.Rff6 Rb8 45.Rg6+ Kh8 46.Rh6+ Kg8 47.Reg6+ Rg7 48.Kb3 Nb2 49.Rxg7+ Kxg7
50.Rd6 Rc8 51.Rd7+ Kg6 52.e6  1-0

[Event "Oslo GM Open"]
[Site "Oslo NOR"]
[Date "2011.10.07"]
[Round "7.1"]
[White "Sadler,M"]
[Black "Tiviakov,S"]
[Result "1/2-1/2"]
[WhiteElo "2625"]
[BlackElo "2647"]

1.d4 Nf6 2.c4 e6 3.Nc3 Bb4 4.e3 c5 5.Bd3 Nc6 6.Nf3 Bxc3+ 7.bxc3 d6 8.O-O e5
9.Nd2 O-O 10.Re1 b6 11.a4 Bd7 12.Ba3 Rc8 13.Qc2 Kh8 14.f4 exf4 15.exf4 Nh5
16.d5 Na5 17.Rf1 f5 18.Rae1 Qf6 19.Bc1 Rce8 20.Nf3 Bc8 21.Rxe8 Rxe8 22.g4 fxg4
23.Ng5 Ba6 24.Bxh7 Bxc4 25.Bd3 Bxd5 26.Bc4 Be4 27.Nxe4 Qf5 28.Bf7 Rxe4 29.Bxh5 d5
30.Be8 a6 31.Qd3 c4 32.Qc2 Qe6 33.Bh5 Qf5 34.Be8 Qe6 35.Bh5 Qf5  1/2-1/2

[Event "Oslo GM Open"]
[Site "Oslo NOR"]
[Date "2011.10.08"]
[Round "8.2"]
[White "Tiviakov,S"]
[Black "Burmakin,V"]
[Result "1/2-1/2"]
[WhiteElo "2647"]
[BlackElo "2588"]

1.e4 c6 2.d4 d5 3.Nd2 dxe4 4.Nxe4 Bf5 5.Ng3 Bg6 6.Nh3 Nf6 7.Bc4 e6 8.Nf4 Bd6
9.Bb3 Qc7 10.Qf3 a5 11.c3 a4 12.Nxg6 hxg6 13.Bc2 a3 14.b4 Nbd7 15.O-O e5
16.dxe5 Nxe5 17.Qe2 O-O 18.Ne4 Nxe4 19.Qxe4 Nd7 20.Qh4 Be5 21.Bd2 Bf6 22.Qh3 Nb6
23.Bb3 Rfd8 24.Rad1 Na4 25.Qf3 Qe5 26.Bf4 Qxc3 27.Rxd8+ Bxd8 28.Qe4 Bf6 29.Re1 g5
30.Bc7 Nb2 31.Re3 Qc1+ 32.Re1 Qc3 33.Re3 Qc1+ 34.Re1 Qc3  1/2-1/2

[Event "TCh-NED Meesterklasse 2011-12"]
[Site "Netherlands NED"]
[Date "2011.10.29"]
[Round "2.1"]
[White "Tiviakov,S"]
[Black "Grooten,H"]
[Result "1-0"]
[WhiteElo "2647"]
[BlackElo "2333"]

1.e4 c6 2.d4 d5 3.Nd2 dxe4 4.Nxe4 Bf5 5.Ng3 Bg6 6.Nh3 Nd7 7.Bc4 e5 8.O-O Be7
9.f4 exf4 10.Nxf4 Ngf6 11.c3 Nb6 12.Bb3 c5 13.Be3 Qc7 14.dxc5 Bxc5 15.Bxc5 Qxc5+
16.Kh1 O-O 17.Nxg6 hxg6 18.Qd3 Nfd5 19.Rae1 Rae8 20.Ne4 Qc6 21.Ng5 Rxe1 22.Rxe1 Re8
23.Rf1 Re3 24.Qd4 Qb5 25.c4 Qb4 26.Qd1 Nf6 27.c5 Nc4 28.Qd4 Re1 29.Qxc4 Nd5
30.Nf3  1-0

[Event "1st Panama Open"]
[Site "Panama City PAN"]
[Date "2011.11.04"]
[Round "3.1"]
[White "Tiviakov,S"]
[Black "Perez Rodriguez,L"]
[Result "1/2-1/2"]
[WhiteElo "2650"]
[BlackElo "2475"]

1.e4 e5 2.Nf3 Nc6 3.Bc4 Nf6 4.d3 Be7 5.O-O O-O 6.Bb3 d5 7.exd5 Nxd5 8.Nc3 Nxc3
9.bxc3 Bg4 10.Qe2 Qd6 11.Re1 Rae8 12.Rb1 a6 13.h3 Bd7 14.Qe4 Kh8 15.Qd5 f6
16.Nd2 b6 17.Qxd6 Bxd6 18.Ne4 Be7 19.f4 f5 20.Nf2 Bd6  1/2-1/2

[Event "1st Panama Open"]
[Site "Panama City PAN"]
[Date "2011.11.06"]
[Round "7.1"]
[White "Tiviakov,S"]
[Black "Hevia,A"]
[Result "1-0"]
[WhiteElo "2650"]
[BlackElo "2520"]

1.e4 c5 2.Nc3 d6 3.f4 Nc6 4.Nf3 g6 5.d4 cxd4 6.Nxd4 Bg7 7.Be3 Nf6 8.Be2 O-O
9.Nb3 Be6 10.O-O Na5 11.Bd4 Bc4 12.Bd3 Bxd3 13.cxd3 Nc6 14.Bf2 a6 15.Qf3 Rc8
16.d4 Nd7 17.e5 b5 18.Ne4 Nb6 19.Rae1 a5 20.Qh3 a4 21.Nbd2 Nd5 22.Qh4 h6
23.Qg4 Kh7 24.Nf3 Rc7 25.f5 dxe5 26.fxg6+ fxg6 27.Neg5+ Kh8 28.Ne6 Qc8 29.Qe4 Rd7
30.Nxf8 Qxf8 31.Nh4 Qf7 32.Nxg6+ Kg8 33.Nxe5  1-0

[Event "TCh-NED Meesterklasse 2011-12"]
[Site "Netherlands NED"]
[Date "2011.11.26"]
[Round "3.2"]
[White "Tiviakov,S"]
[Black "Smerdon,D"]
[Result "1-0"]
[WhiteElo "2647"]
[BlackElo "2513"]

1.e4 e6 2.d4 d5 3.Nd2 Nf6 4.e5 Nfd7 5.c3 c5 6.Bd3 Nc6 7.Ne2 cxd4 8.cxd4 f6
9.exf6 Nxf6 10.O-O Bd6 11.Nf3 Qc7 12.Bd2 O-O 13.Rc1 a5 14.Nc3 Qf7 15.Nb5 Bb8
16.Re1 Qh5 17.h3 Bd7 18.a3 a4 19.Nc3 Bd6 20.Bb5 Na5 21.Bxd7 Nxd7 22.Nb5 Bb8
23.Nc7 Bxc7 24.Rxc7 Nf6 25.Bxa5 Rxa5 26.Rxe6 Rb5 27.Qe2 Rb3 28.Ree7 Qh6 29.Qe6+ Kh8
30.Rc8  1-0

[Event "2nd JAHV McGregor Open"]
[Site "Bogota COL"]
[Date "2011.12.07"]
[Round "3"]
[White "Tiviakov,S"]
[Black "Sanchez L,S"]
[Result "1-0"]
[WhiteElo "2650"]
[BlackElo "2169"]

1.e4 c5 2.c3 d5 3.exd5 Qxd5 4.d4 e6 5.Nf3 Nf6 6.Na3 Qd8 7.Nc2 Nc6 8.Bd3 b6
9.O-O Bb7 10.Qe2 Bd6 11.Bg5 O-O 12.dxc5 Bxc5 13.Rad1 Qe7 14.Ne3 h6 15.Bh4 Bxe3
16.Qxe3 Rfd8 17.Rfe1 Rac8 18.Bb1 Rxd1 19.Rxd1 Rd8 20.Re1 Rd7 21.h3 Qc5 22.Qf4 Qd6
23.Qxd6 Rxd6 24.Bg3 Rd8 25.Bf4 Ba6 26.Ne5 Nxe5 27.Bxe5 Rd2 28.b3 b5 29.Bf4 Rd7
30.Be3 Nd5 31.Bd4 Bb7 32.g3 a6 33.a3 Ne7 34.Bb6 Bd5 35.Ba2 Bf3 36.c4 Nc6
37.cxb5 axb5 38.a4 Nb4 39.Bb1 Bd1 40.axb5 Bxb3 41.Rc1 f5 42.Bc7 Bd5 43.Ba5 Na2
44.Rd1 Ra7 45.Be1 g6 46.b6 Ra6 47.Rxd5 exd5 48.b7 Rb6 49.Bxa2  1-0

[Event "2nd JAHV McGregor Open"]
[Site "Bogota COL"]
[Date "2011.12.11"]
[Round "9"]
[White "Tiviakov,S"]
[Black "Bruzon Batista,L"]
[Result "1/2-1/2"]
[WhiteElo "2650"]
[BlackElo "2689"]

1.e4 c5 2.Nc3 d6 3.f4 Nc6 4.Nf3 g6 5.d4 cxd4 6.Nxd4 Bg7 7.Be3 Nf6 8.Be2 O-O
9.Nb3 e5 10.O-O exf4 11.Bxf4 Re8 12.Qxd6 Qb6+ 13.Kh1 Nxe4 14.Nxe4 Rxe4 15.Bf3 Re6
16.Qd2 Re8 17.c3 Be6 18.Qf2 Bc4 19.Qxb6 axb6 20.Rfe1 Re6 21.Nd2 Rxe1+ 22.Rxe1 Bxa2
23.Ra1 Ra5 24.Bc7 Be6 25.Rxa5 bxa5 26.Ne4 Be5 27.Bb6 a4 28.Nc5 Bc8 29.Nxa4 Kf8
30.b4 Ke8 31.b5 Ne7 32.Ba5 Nf5 33.Nc5 Nd6 34.Bc7 f6 35.b6 Ke7 36.Bxd6+ Kxd6
37.Nxb7+ Bxb7 38.Bxb7 Kc5  1/2-1/2

[Event "TCh-NED Meesterklasse 2011-12"]
[Site "Netherlands NED"]
[Date "2011.12.17"]
[Round "4.1"]
[White "Tiviakov,S"]
[Black "Van Kampen,R"]
[Result "1-0"]
[WhiteElo "2647"]
[BlackElo "2529"]

1.e4 c5 2.Nc3 d6 3.f4 g6 4.Nf3 Bg7 5.d4 cxd4 6.Nxd4 Nc6 7.Be3 Nf6 8.Be2 O-O
9.Nb3 e5 10.fxe5 Nxe5 11.O-O Nfg4 12.Bd4 Bh6 13.Nd5 Be6 14.Bxg4 Nxg4 15.Nf6+ Nxf6
16.Bxf6 Qb6+ 17.Kh1 Rae8 18.Nd4 Bg7 19.Bxg7 Kxg7 20.b3 Qc5 21.Qd2 Bd7 22.Rf4 Kg8
23.Raf1 Re7 24.c4 a6 25.a4 Qg5 26.Qf2 Bc6 27.Nxc6 bxc6 28.Rf6 Qe5 29.Qb6 Re6
30.R6f4 d5 31.exd5 cxd5 32.Qf2 f5 33.c5 Rb8 34.b4 Qc3 35.Qf3 Qd2 36.Qg3 Rxb4
37.Rxf5 Re8 38.h3 Rbe4 39.Kh2 Qd4 40.c6 Re3 41.Qg5 R3e6 42.Rf7 Qe3 43.Qxe3 Rxe3
44.c7  1-0

[Event "TCh-NED Meesterklasse 2011-12"]
[Site "Netherlands NED"]
[Date "2012.01.07"]
[Round "5.1"]
[White "Tiviakov,S"]
[Black "Pruijssers,R"]
[Result "1/2-1/2"]
[WhiteElo "2647"]
[BlackElo "2475"]

1.e4 e5 2.Nf3 Nc6 3.Bb5 f5 4.Nc3 fxe4 5.Nxe4 Nf6 6.Nxf6+ Qxf6 7.Qe2 Be7 8.Bxc6 dxc6
9.Nxe5 O-O 10.O-O Bd6 11.d4 c5 12.Be3 Bxe5 13.dxe5 Qxe5 14.Qc4+ Be6 15.Qxc5 Qxc5
16.Bxc5 Rfe8 17.Be3 a5 18.Rfd1 Rad8 19.Rxd8 Rxd8 20.Kf1 Rd6 21.b3 a4 22.Rc1 Bf5
23.Ke2 Rg6 24.Kf3 Rc6 25.c4 Rd6 26.Kf4 Bd7 27.h4 axb3 28.axb3 Rd3 29.Rb1 b5
30.Ke4 Rd6 31.g3 Bc6+ 32.Ke5 Rd3 33.Bd4 h5 34.c5 Kf7 35.b4 Ra3 36.Rb2 g6
37.Rb1 Rf3 38.Be3 Rf5+ 39.Kd4 Rd5+ 40.Kc3 Bd7 41.Ra1 c6 42.Bd4 Ke7 43.Ra8 Rf5
44.Be3 Rf8 45.Ra7 Ke6 46.Bf4 Rf7 47.Kd4 Kf5 48.Ra8 Be6 49.Re8 Rd7+ 50.Bd6 Ra7
51.Bb8 Rd7+ 52.Ke3 Kf6 53.Bf4 Ra7 54.Kd4 Rd7+ 55.Bd6 Ra7 56.Rf8+ Rf7 57.Ra8 Bd5
58.Ra3 Kf5 59.f3 Rf6 60.Be5 Re6 61.Ra8 Re7 62.Bd6 Rf7 63.Ra3 Rf6 64.Be5 Rf8
65.Bd6 Rf6 66.Bc7 Rf7 67.Bf4 Rf6 68.Ke3 Re6+ 69.Kf2 Bc4 70.Re3 Rxe3 71.Kxe3  1/2-1/2